000
00218 a2200097 4500
001
47264
100
_a
Spears, E
245
_a
Guerillas in the 1960,s
260
_a
N.Y.
_b
Frederick A Praegar
_c
090
_c
30308
_d
30308
942
_a
NUST-CAE
_c
M
_c
22568
999
_c
282337
_d
282337